| 000 | 00885nam a22002057a 4500 | ||
|---|---|---|---|
| 999 |
_c194284 _d194284 |
||
| 005 | 20230127144209.0 | ||
| 010 | _aB-747209-214 E.N.A./7.11.22 | ||
| 020 |
_a9789355014085 _c899.00 |
||
| 035 | _aB-747209-214 | ||
| 037 | _bAKPD | ||
| 082 | _a510 | ||
| 100 | _aKhanna, M.L. | ||
| 245 |
_aMathematics for IIT-JEE: _bmain and advanced/ _cM.L. Khanna |
||
| 260 |
_aNew delhi _bS Chand and Company Limited _c2023 |
||
| 270 |
_aBlock B-1, House No. D-1, Ground Floor, Mohon Co-operative Industrial Estate _bNew Delhi _e110044 _k01166672000 _minfo@schandpublishing.com |
||
| 300 |
_a xx; 1922p. _c27cm.(pbk) |
||
| 490 | _vVol-2 | ||
| 942 |
_2ddc _cEN _h510 _mKHA |
||